00346 2200145 4500001002100000005001500021035002000036245004800056100001600104250000600120260003000126082000800156084001200164990002400176INLIS00000000000252320250604115302 a0010-06250001091 aEmpat Sandiwara Orang Melayu /cWisran Hadi0 aWisran Hadi a1 aBandung :bAngkasa,c2000 a813 a813 WIS a02.1690 s/d 02.1699